| 000 | 01513nam0a2200313 4500 | ||
|---|---|---|---|
| 001 | RU\NLR\bibl\601633 | ||
| 005 | 20250610142410.0 | ||
| 010 |
_a5-88503-245-9 _95000 |
||
| 021 |
_aRU _b2004-70062 _93451 |
||
| 035 | _a(NLR Aleph) 000593570 | ||
| 090 |
_a1728441 _c1728441 |
||
| 100 | _a20050126d2004 |||y0rusy50 ca | ||
| 101 | 1 |
_arus _ceng |
|
| 102 | _aRU | ||
| 105 | _aa ||||||||| | ||
| 200 | 1 |
_aПуть к успеху: этика и ценности _eусвойте разницу между вечными и устаревшими ценностями _eпобедители не совершают ничего нового., они тоже самое делают по-другому _e[с рабочей тетр. _eпер. с англ.] _fShiv Khera |
|
| 210 |
_aМ. _aСПб. _cДиля _d2004 |
||
| 215 |
_a47 с. _cил. _d20 |
||
| 225 | 1 |
_aСерия "Победители" _eраскрой свой истинный потенциал |
|
| 606 | 0 |
_aУспех _jПопулярная литература _xСоциально-психологические исследования _92074287 _3RU\NLR\auth\661249276 |
|
| 606 | 0 |
_aУспех _jПопулярные издания _xСоциально-психологические исследования _92074287 _3RU\NLR\auth\661249276 |
|
| 686 | _aС550.354я9 | ||
| 700 | 1 |
_aКхера _bШ. _gШив _4070 |
|
| 801 | 0 |
_aRU _bNLR _c20050126 _gPSBO |
|
| 801 | 1 |
_aRU _bNLR _c20050126 |
|
| 942 | _cBOOK | ||
| 980 | _aNB | ||